Loading...
| Fine Arts - Auditory | 3 | 13.33 | 100% | 33% | 0% |
| Fine Arts - Other | 5 | 20.00 | 100% | 60% | 40% |
| Fine Arts - Visual | 3 | 23.33 | 100% | 67% | 67% |
| Geography | 7 | 15.71 | 100% | 29% | 29% |
| History - American | 6 | 21.67 | 100% | 83% | 33% |
| History - Ancient | 1 | 20.00 | 100% | 100% | 0% |
| History - Ancient/Other | 6 | 21.67 | 100% | 100% | 17% |
| History - European | 5 | 18.00 | 100% | 80% | 0% |
| History - World | 4 | 17.50 | 100% | 75% | 0% |
| Literature - American | 2 | 15.00 | 100% | 50% | 0% |
| Literature - British | 6 | 15.00 | 100% | 33% | 17% |
| Literature - European | 4 | 10.00 | 100% | 0% | 0% |
| Literature - World | 6 | 10.00 | 67% | 33% | 0% |
| Mythology | 3 | 13.33 | 100% | 33% | 0% |
| Other Academic | 3 | 20.00 | 100% | 33% | 67% |
| Philosophy | 4 | 10.00 | 50% | 50% | 0% |
| Religion | 6 | 13.33 | 100% | 33% | 0% |
| Science - Biology | 3 | 3.33 | 33% | 0% | 0% |
| Science - Chemistry | 8 | 6.25 | 63% | 0% | 0% |
| Science - Other | 9 | 17.78 | 133% | 0% | 44% |
| Science - Physics | 6 | 1.67 | 17% | 0% | 0% |
| Social Science | 8 | 12.50 | 88% | 38% | 0% |